Une alternative sociologique aristote-marx
Na minha lista:
| Autor principal: | |
|---|---|
| Formato: | Livro |
| Idioma: | Undetermined |
| Publicado em: |
Paris
Editions Universitaires Fribourg Suisse
1978
|
| Assuntos: | |
| Tags: |
Adicionar Tag
Sem tags, seja o primeiro a adicionar uma tag!
|
| Thư viện lưu trữ: | Trung tâm Học liệu Trường Đại học Cần Thơ |
|---|
| LEADER | 00548nam a2200181Ia 4500 | ||
|---|---|---|---|
| 001 | CTU_90351 | ||
| 008 | 210402s9999 xx 000 0 und d | ||
| 082 | |a 301 | ||
| 082 | |b L366 | ||
| 100 | |a Laubier, Patrick De | ||
| 245 | 0 | |a Une alternative sociologique aristote-marx | |
| 245 | 0 | |c Patrick De Laubier | |
| 260 | |a Paris | ||
| 260 | |b Editions Universitaires Fribourg Suisse | ||
| 260 | |c 1978 | ||
| 650 | |a Aristotle,Social sciences,Political sociology | ||
| 904 | |i Tuyến,Hải | ||
| 980 | |a Trung tâm Học liệu Trường Đại học Cần Thơ | ||